000 00874cam a2200253 i 4500
999 _c8780
_d8780
003 OSt
005 20210106161428.0
008 140916r20141961enka b 001 0 eng
020 _a9781107672567 (pbk)
042 _apcc
082 0 0 _a571.8
_223
_bBON
100 1 _aThompson, D'Arcy Wentworth,
_d1860-1948.
245 1 0 _aOn growth and form /
_cby D'Arcy Wentworth Thompson ; edited by John Tyler Bonner.
250 _aAn abridged edition/Canto classics edition.
260 _bCambridge University press
_cUK
300 _axx, 345 pages :
_billustrations
_c23 cm.
490 0 _aCanto classics
500 _aOriginally published: Cambridge : Cambridge University Press, 1961.
504 _aIncludes bibliographical references and index.
650 0 _aGrowth.
700 1 _aBonner, John ,
_eeditor.
906 _a7
_bcbc
_corigcop
_d2
_encip
_f20
_gy-gencatlg
942 _2ddc